000 00221nam a22000977a 4500
999 _c508022
_d508022
082 _aA72x5413
100 _aLal, R.B.
_93002
245 _aJain shrines
260 _aPatna
_bDepartment of Public Relations
_c1954
300 _a